000 00652cam a2200181 i 4500
005 20251124132104.0
008 250721s2007 le gr 000 0 ara d
082 1 4 _a211.61
_bح م و
100 1 _aحمود، خضر موسى محمد
_eمؤلف.
245 1 2 _aالأفعال الخمسة النحوية في آيات الله الزكية /
_cتأليف د. خضر موسى محمد حمود
250 _aالطبعة الاولى.
264 3 1 _aلبنان :
_bعالم الكتب،
_c2007.
300 _a184صفحة.
650 1 7 _aنحو القرآن.
650 1 7 _aإعراب القرآن.
942 _2ddc
_cBK
999 _c108202
_d108202